000 00652nam a2200229Ia 4500
999 _c45205
_d45205
001 12028
003 GE_BSU
005 20221118171326.0
008 181216s1975en xx |||||||||||||| ||eng||
020 _a0552102679x
040 _cGE_BSU
041 _aeng
080 _a821.111-32 C-77`
100 _aCookson,Catherine.
_915950
245 4 _aThe inviseble cord /
_cCatherine Cookson
264 _aGreat Britain:
_bCorgi Books,
_c1975.
300 _a382 p.:
_b18 cm.
653 _aThe inviseble cord
653 _aუხილავი კაბელი
653 _aმხატვრული ლიტერატურა
942 _cBK
_2udc